| 000 | 00000nam 2200000zi 4500 |
| 001 | 9.924757 |
| 003 | CaOODSP |
| 005 | 20230725115849 |
| 006 | m o d f |
| 007 | cr mn||||||||| |
| 008 | 230705s2023 onc o f000 0 eng d |
| 040 | |aCaOODSP|beng|erda|cCaOODSP |
| 043 | |an-cn--- |
| 086 | 1 |aRv4-173/2023E-PDF |
| 245 | 00|aApplying for the disability tax credit. |
| 264 | 1|a[Ottawa] : |bCanada Revenue Agency = Agence du revenue du Canada, |c[2023] |
| 300 | |a1 online resource (1 page) |
| 336 | |atext|btxt|2rdacontent |
| 337 | |acomputer|bc|2rdamedia |
| 338 | |aonline resource|bcr|2rdacarrier |
| 500 | |aIssued also in French under title: Demander le crédit d'impôt pour personnes handicapées. |
| 500 | |a"T1300(E)." |
| 650 | 0|aPeople with disabilities|xTaxation|zCanada. |
| 650 | 0|aTax credits|zCanada. |
| 710 | 2 |aCanada Revenue Agency, |eissuing body. |
| 775 | 08|tDemander le crédit d'impôt pour personnes handicapées.|w(CaOODSP)9.925458 |
| 856 | 40|qPDF|s162 KB|uhttps://publications.gc.ca/collections/collection_2023/arc-cra/Rv4-173-2023-eng.pdf |